000 00621nam a2200205Ia 4500
999 _c44018
_d44018
003 GCL
005 20240530104010.0
008 140319s9999 xx 000 0 ara d
040 _aGCL /
_cGCL
082 0 4 _a741.2
_bج م
100 1 _aجوزيف عبود كبة
245 1 0 _aمبادىء الرسم /
_cجوزيف عبود كبة ؛ اخراج محمد ابراهيم
300 _a48 ص
490 _aسلسلة تعليم الرسم
_v0
650 0 4 _aالرسم
650 0 4 _aالطرق الفنية
650 0 4 _aالرسم بالالوان
700 1 _aمحمد ابراهيم
_eمخرج
942 _2ddc
_cBK